|
|
|
|
| LEADER |
00000nab a2200000 a 4500 |
| 001 |
vtls009180675 |
| 003 |
SK-MaSNL |
| 005 |
20260318114913.0 |
| 008 |
141024c2006 xo |||||||| 000 b|hun |
| 015 |
|
|
|a SNBRB2008/01
|2 snkbucl
|
| 038 |
|
|
|a SNKBUCL
|
| 040 |
|
|
|a DSZK
|b slo
|c DSZK
|e AACR2
|
| 041 |
0 |
|
|a hun
|
| 044 |
|
|
|a xo
|c SK
|
| 080 |
|
|
|a 101.9
|x (38)
|2 1997
|
| 080 |
|
|
|a 930.85
|2 1997
|
| 100 |
1 |
|
|a Lacza, Tihamér,
|d 1948-
|4 aut
|9 100533
|
| 245 |
1 |
0 |
|a Tankönyvek hősei
|b Milétoszi Thálesz
|c Lacza Tihamér
|
| 600 |
0 |
7 |
|a Táles z Milétu
|c ?624-?547 pr.n.l.
|2 snkbucl
|9 1617973
|
| 650 |
0 |
7 |
|a klasická grécka filozofia
|2 snkbucl
|9 66922
|
| 773 |
0 |
|
|t Katedra
|g Évf. XIV, sz. 1 (2006), o. 14-15
|x 1335-6445
|
| 852 |
|
|
|a SNK
|b KIS3GCP
|
| 852 |
|
|
|a DSZK
|b KIS3GCP
|
| 958 |
|
|
|a HU
|
| 958 |
|
|
|a BC
|
| 958 |
|
|
|a GR
|
| 999 |
|
|
|c 3333656
|d 3335586
|